<?xml version="1.0" encoding="UTF-8"?>
<record
    xmlns:xsi="http://www.w3.org/2001/XMLSchema-instance"
    xsi:schemaLocation="http://www.loc.gov/MARC21/slim http://www.loc.gov/standards/marcxml/schema/MARC21slim.xsd"
    xmlns="http://www.loc.gov/MARC21/slim">

  <leader>01503nam a2200301 a 4500</leader>
  <controlfield tag="001">000008373</controlfield>
  <controlfield tag="003">DO-SdBNP</controlfield>
  <controlfield tag="005">20251020122127.0</controlfield>
  <controlfield tag="007">000008373</controlfield>
  <controlfield tag="008">090916s2002    dr            000 j spa d</controlfield>
  <datafield tag="020" ind1=" " ind2=" ">
    <subfield code="a">9993491225</subfield>
  </datafield>
  <datafield tag="040" ind1=" " ind2=" ">
    <subfield code="a">BPMSU</subfield>
    <subfield code="b">spa</subfield>
    <subfield code="c">BPMSU</subfield>
  </datafield>
  <datafield tag="082" ind1=" " ind2="4">
    <subfield code="a">H863</subfield>
    <subfield code="b">U54r 2002</subfield>
    <subfield code="2">22</subfield>
  </datafield>
  <datafield tag="111" ind1="2" ind2=" ">
    <subfield code="a">Premio Internacional de Cuento Casa de Teatro</subfield>
    <subfield code="d">(2002 :</subfield>
    <subfield code="c">Santo Domingo)</subfield>
  </datafield>
  <datafield tag="245" ind1="0" ind2="0">
    <subfield code="a">Un ruinoso caf&#xE9; en el Par&#xED;s de entonces /</subfield>
    <subfield code="c">edici&#xF3;n Vivian Lechuga.</subfield>
  </datafield>
  <datafield tag="260" ind1=" " ind2=" ">
    <subfield code="a">Santo Domingo :</subfield>
    <subfield code="b">Casa de Teatro,</subfield>
    <subfield code="c">2002.</subfield>
  </datafield>
  <datafield tag="300" ind1=" " ind2=" ">
    <subfield code="a">173 p. ;</subfield>
    <subfield code="c">21 cm.</subfield>
  </datafield>
  <datafield tag="505" ind1="0" ind2=" ">
    <subfield code="a">Los cronopios, las putas y un ruinoso caf&#xE9; en el Par&#xED;s de entonces/</subfield>
    <subfield code="r">Amir Valle --</subfield>
    <subfield code="t">Alma de mar/</subfield>
    <subfield code="r">Rafael G&#xF3;mez --</subfield>
    <subfield code="a">&#xA1;Travesuras de muchachos!/</subfield>
    <subfield code="r">Leo Silverio --</subfield>
    <subfield code="t">Mi adorada matrioshka/</subfield>
    <subfield code="r">Emilio Arag&#xF3;n Colvile --</subfield>
    <subfield code="t">La antena/</subfield>
    <subfield code="r">Miguel Bucarelli --</subfield>
    <subfield code="t">Macario/</subfield>
    <subfield code="r">Maria Jozer Florez --</subfield>
    <subfield code="a">El bac&#xE1;/</subfield>
    <subfield code="r">Herman R. Mella chavier --</subfield>
    <subfield code="t">Instantes de confusi&#xF3;n/</subfield>
    <subfield code="r">Rafael Nolasco Morel --</subfield>
    <subfield code="t">Para Elisa, que es mi vida... /</subfield>
    <subfield code="r">Federico S&#xE1;nchez --</subfield>
    <subfield code="t">Flor de sabana /</subfield>
    <subfield code="r">Jes&#xFA;s Segura Mart&#xED;nez --</subfield>
    <subfield code="t">El viejo cumplea&#xF1;os de Erasmo/</subfield>
    <subfield code="r">Ram&#xF3;n Enrique Molina.</subfield>
  </datafield>
  <datafield tag="586" ind1=" " ind2=" ">
    <subfield code="a">Premio Internacional de Cuento Casa de Teatro, 2002</subfield>
  </datafield>
  <datafield tag="590" ind1=" " ind2=" ">
    <subfield code="a">Inventariado, 2024/VM</subfield>
  </datafield>
  <datafield tag="650" ind1=" " ind2="4">
    <subfield code="a">Cuentos hispanoamericanos</subfield>
    <subfield code="y">Siglo XX</subfield>
  </datafield>
  <datafield tag="650" ind1=" " ind2="4">
    <subfield code="a">Literatura hispanoamericana</subfield>
  </datafield>
  <datafield tag="650" ind1=" " ind2="4">
    <subfield code="a">Cuentos dominicanos </subfield>
  </datafield>
  <datafield tag="650" ind1=" " ind2="4">
    <subfield code="a">Cert&#xE1;menes literarios </subfield>
  </datafield>
  <datafield tag="700" ind1="1" ind2=" ">
    <subfield code="a">Lechuga, Vivian,</subfield>
    <subfield code="e">editor </subfield>
  </datafield>
  <datafield tag="710" ind1="2" ind2=" ">
    <subfield code="a">Casa de Teatro (Rep&#xFA;blica Dominicana)</subfield>
  </datafield>
  <datafield tag="942" ind1=" " ind2=" ">
    <subfield code="2">ddc</subfield>
    <subfield code="c">BK</subfield>
  </datafield>
  <datafield tag="952" ind1=" " ind2=" ">
    <subfield code="0">0</subfield>
    <subfield code="1">0</subfield>
    <subfield code="2">ddc</subfield>
    <subfield code="4">0</subfield>
    <subfield code="7">0</subfield>
    <subfield code="8">CD</subfield>
    <subfield code="a">BPMET</subfield>
    <subfield code="b">BPMET</subfield>
    <subfield code="d">2015-05-11</subfield>
    <subfield code="e">FUNDI</subfield>
    <subfield code="l">0</subfield>
    <subfield code="p">BPMSU15051669</subfield>
    <subfield code="r">2015-05-11</subfield>
    <subfield code="w">2015-05-11</subfield>
    <subfield code="y">BK</subfield>
  </datafield>
  <datafield tag="999" ind1=" " ind2=" ">
    <subfield code="c">7852</subfield>
    <subfield code="d">7852</subfield>
  </datafield>
</record>
